[Event "FICGS class D 000176 email"]
[Site "FICGS email"]
[Date "2011.10.22"]
[Round "1"]
[White "Sanchez, Felipe"]
[Black "Price, Eric A Sr"]
[Result "1-0"]
[WhiteElo "1400"]
[BlackElo "1481"]
[PlyCount "43"]
[EventDate "2011.??.??"]
[EventType "tourn (corr)"]
[EventRounds "2"]
[SourceTitle "Corr 2022"]
[Source "ChessBase"]
[SourceDate "2021.10.24"]
[SourceVersion "1"]
[SourceVersionDate "2021.10.24"]
[SourceQuality "1"]

1. e4 e5 2. Nf3 Nc6 3. Bb5 Nf6 4. 0-0 a6 5. Bxc6 dxc6 6. d3 Bd6 7. b3 0-0 8. c4 Re8 9. h3 h6 10. Nc3 Bf8 11. Bb2 g6 12. Ne2 Bg7 13. Bxe5 Rxe5 14. Nxe5 Nxe4 15. dxe4 Qxd1 16. Raxd1 Bxe5 17. Rd8+ Kg7 18. Re8 Bd6 19. e5 Ba3 20. Rd1 Bxh3 21. Rxa8 Bg4 22. f3 1-0